000 01166nam a22002057a 4500
008 250415e20250411xxk|||||o|||| 00| 0 eng d
041 _aeng
110 _aRoyal Institution of Chartered Surveyors
245 _aUK Residential Market Survey
_bMarch 2025
_h[Electronic resource]
260 _aLondon,
_bRoyal Institution of Chartered Surveyors,
_cApril 2025
300 _a17p
490 _aRICS UK Residential Market Survey
520 _aThe March 2025 RICS UK Residential Survey results signal a further deterioration in sales market conditions, with both domestic and global macroeconomic concerns seemingly starting to weigh more heavily on sentiment. In keeping with this, respondents have turned increasingly cautious on the near-term sales outlook, even if twelve-month expectations are still mildly positive for now.
650 _aHOUSING MARKET
650 _aRESIDENTIAL PROPERTY
651 _aUnited Kingdom
710 _aRoyal Institution of Chartered Surveyors
856 _uhttps://www.rics.org/content/dam/ricsglobal/documents/market-surveys/March_2025_RICS_UK_Residential_Market_Survey.pdf
_zAvailable on RICS.org
942 _n0
999 _c122139
_d122139